| 000 | 00424nam a22001577a 4500 | ||
|---|---|---|---|
| 020 | _a0072467665 | ||
| 040 | _cNUST | ||
| 082 | _a658.15 BRE | ||
| 100 |
_aBrealey, Richard A _983714 |
||
| 110 |
_aMyery, Stewart C _9113974 |
||
| 245 | _a Principles of Corporate Finance | ||
| 250 | _aseventh Edition | ||
| 260 |
_aBoston: _bMcGraw-Hill, _c2003. |
||
| 650 |
_a Principles of Corporate Finance _9113975 |
||
| 942 |
_2ddc _cTEXT |
||
| 999 |
_c595364 _d595364 |
||